01173nam a22003497a 4500001000700000003000900007005001700016007000700033008004600040020001500086040002200101082001900123100001700142240004500159245009400204260003900298300003000337490002100367500005000388650002400438650002500462650001500487700002200502700002600524830002200550910003700572942001200609945002700621952011800648956004000766999001700806000491DO-SdBNP20171110103643.0000491160914b 2006 sp ||||| |||| 00| 0 spa d a8466626433 aBPMSUbspacBPMSU 4a616.398 bK81m1 aKolbe, Hilde10aMein Kind hat Übergewicht.lEspañol.10aMi hijo tiene sobrepeso /cHilde Kolbe & Helmut Weyhreter ; traducción, Roberto Bernet. aBarcelona : bEdiciones B, c2006. a166 p. :bil. ; c18 cm. 1 aByblosv2897/1.  aTraducción de: Mein Kind hat Übergewicht  4aOBESIDAD EN NIÑOS 4aNUTRICIÓN INFANTIL 4aAUTOESTIMA12aWeyhreter, Helmut12aBernet, Roberto,etr. aByblos ; v2897/1 aValidado. Control de calidad MFF 2ddccBK aInventariado, 2017/MFF 00102ddc40708CGaBPMETbBPMETd2016-09-14eFUNDIl0o616.398 K81mpBPMSU16090243r2016-09-14w2016-09-14yBK 2LOPEREZ3106201609148BPMSUa00041 c11359d11359